Contemporary Review of the Middle East (Record no. 90970)

MARC details
000 -LEADER
fixed length control field 00519nam a2200157 4500
005 - DATE AND TIME OF LATEST TRANSACTION
control field 20150121165157.0
008 - FIXED-LENGTH DATA ELEMENTS--GENERAL INFORMATION
fixed length control field 150121b xxu||||| |||| 00| 0 eng d
022 ## - INTERNATIONAL STANDARD SERIAL NUMBER
International Standard Serial Number 2347-7989
040 ## - CATALOGING SOURCE
Original cataloging agency dpl
245 ## - TITLE STATEMENT
Title Contemporary Review of the Middle East
260 ## - PUBLICATION, DISTRIBUTION, ETC. (IMPRINT)
Place of publication, distribution, etc New Delhi
Name of publisher, distributor, etc Sage Publications
Date of publication, distribution, etc 2014
300 ## - PHYSICAL DESCRIPTION
Extent v.
Dimensions 24 cm
310 ## - CURRENT PUBLICATION FREQUENCY
Current publication frequency 1/4 Moths
270 ## - ADDRESS
Address B1/1-1,Mohan Cooperative Industrial Area,Mathura Road,
City New Delhi
Country India
Postal code 110044
Telephone number 011-40539222-2349563
Electronic mail address sage@ivsnl.com
Fax number 91-11-40539234
942 ## - ADDED ENTRY ELEMENTS (KOHA)
Source of classification or shelving scheme Dewey Decimal Classification
Item type English Books
Serial record 1
Holdings
Withdrawn status Lost status Source of classification or shelving scheme Damaged status Not for loan Collection code Home library Current library Date acquired Total Checkouts Date last seen Price effective from Koha item type
    Dewey Decimal Classification   Not For Loan Non-fiction D.B.Act.Division D.B.Act.Division 21/01/2015   21/01/2015 21/01/2015 Periodicals

© Delhi Public Library
Hit Counter
free hit counter